Tokyo : Architecture & Design
Na minha lista:
| Formato: | Livro |
|---|---|
| Publicado em: |
Köln :
daab,
2005
|
| Tags: |
Sem tags, seja o primeiro a adicionar uma tag!
|
MARC
| LEADER | 00000nam a22000003a 4500 | ||
|---|---|---|---|
| 001 | stu246976 | ||
| 005 | 20150408182949.6 | ||
| 008 | 120523s2005----gw----------------------d | ||
| 020 | |a 3-937718-46-X | ||
| 040 | |a STU |b slo | ||
| 041 | 0 | ||
| 044 | |a gw | ||
| 245 | |a Tokyo : |b Architecture & Design | ||
| 260 | |a Köln : |b daab, |c 2005 | ||
| 300 | |a 237 s | ||
| 996 | |b 284V032475 |c V*51630/O-23079 |l VVT |s A |a 24 |w stu246976_0001 | ||